LEADER 01574nam a2200289 u 4500 001 000000022670 003 CaOOAMICUS 005 20070226111142.0 008 070226s1903 cu f u000 u lat u 035 $a10569363 040 $aPUL(R)$bita 041 1 $alat$aspa 110 2 $aPapi (1878-1903 : Leo PP. XIII).$0(OLS)http://pul/name/1187 240 10$aActum praeclare.$0(OLS)http://pul/title/31570 245 10$aBreve apostolicum " Actum praeclare " SS. D.N. Leonis PP. XIII. 260 $aAvanae :$bapud Rambla & Bouza typographos,$c1903. 300 $a[ 60 ] p. :$b5 tav. ( 1 pieg. ) ;$c28 cm 651 4$aCuba$xStoria ecclesiastica$ySec. XX.$0(OLS)http://pul/subject/14139 850 $aPUL 852 $aPUL$W1$xDP2 Diritto Canonico 1$y64$m145 A 14$j31785$nBK-PRI$qStampati$B31785$CPULBib$Z2$F31785 $HPUL751 $82 852 $aPUL$W1$xSL Filosofia 1$y2$m132 E 35$j31786$nBK-PRI$b $qStampati$B31786$CPULBib$Z2$F31786 $H $81 900 $aLeo PP.$bXIII,$d1810-1903$91187 900 $aLeo PP.$bXIII,$d1810-1903$91187 941 1 $a8 961 $aStemma di Leone XIII sulla coperta.Timbri sulla c. di guardia ant.: Biblioteca Collegio Apostolico Leoniano ; Dono del card. Gennari.Timbro sul front.: Bibliotheca Pontificium Institutum Utriusque Iuris.Stato di conservazione: legatura da restaurare. 996 $6245$aBreve apostolicum " Actum praeclare " SS. D.N. Leonis PP. XIII$9(OLS)http://pul/title/31571 996 $6260$aAvanae :$bapud Rambla & Bouza typographos$9(OLS)http://pul/publisher/57746 LEADER 01515nam a2200277 u 4500 001 000000114559 003 CaOOAMICUS 005 20090212163611.0 008 090212s2009 it u000 u ita r 040 $aPUL$bita$dLDB 245 03$aLe competenze manageriali :$bl'arte di comunicare e public speaking /$c[Alberto Fedel ... et al.]. 260 $aMilano :$bIl Sole 24 ore ;$aMilano :$bRaccolte del Corriere della Sera,$cc2009. 300 $a144 p. ;$c19 cm. +$eCD-Rom 490 1 $aNuovo Master 24. Gestione e strategia d'impresa ;$v01 500 $aEdizione speciale per Corriere della Sera e Il Sole 24 ore. 500 $aIn cofanetto. 650 4$aManagement.$0(OLS)http://pul/subject/25573 700 1 $aFedel, Alberto.$0(OLS)http://pul/name/70728 830 0$aNuovo Master 24. Gestione e strategia d'impresa,$x1974-9201 ;$v01.$0(OLS)http://pul/title/143953 850 $aPUL 852 $aPUL$W1$xDP2 Cons. Gen., Altre Classi 3$y97$m658. 1 COLL 1.1$j130949$qDDC 21$B129977$CPULBib$Z2$F129977 $H109571 $82 852 $aPUL$W1$xSL Cons. Gen., Altre Classi 3$y75$m658. 1 COLL 1.1CD$j130950$aCD-Rom$qDDC 21$B129978$CPULBib$Z2$F129978 $H109572 $82 941 1 $a9 996 $6245$aLe competenze manageriali :$bl'arte di comunicare e public speaking$9(OLS)http://pul/title/143954 996 $6260$aMilano :$bIl Sole 24 ore$9(OLS)http://pul/publisher/69212 996 $6260$aMilano :$bRaccolte del Corriere della Sera$9(OLS)http://pul/publisher/80131 LEADER 01157nam a2200289 u 4500 001 000000061715 003 CaOOAMICUS 005 20070226121044.0 008 010912s1976 it u000 u ita u 035 $a10902492 040 $aPUL(R)$bita 041 1 $aita$hger 100 1 $aBalthasar, Hans Urs von,$ccardinale,$d1905-1988.$0(OLS)http://pul/name/1429 240 10$aKatholisch.$lItaliano.$0(OLS)http://pul/title/80666 245 10$aCattolico /$cHans Urs von Balthasar. 260 $aMilano :$bJaca Book,$c1976. 300 $a145 p. ;$c19 cm 490 1 $aGiā e non ancora.$aPocket ;$v19 504 $aBibliografia in nota. 650 4$aCattolicesimo.$0(OLS)http://pul/subject/3132 650 4$aDottrina cattolica.$0(OLS)http://pul/subject/9767 830 0$aGiā e non ancora.$pPocket ;$v19.$0(OLS)http://pul/title/966 850 $aPUL 852 $aPUL$W1$xSL Religione 2$y84$mRH D4 170$j80351$nBK-PRI$b $qStampati altre collocazioni$B80351$CPULBib$Z2$F80351 $H $81 941 1 $a10 996 $6245$aCattolico$9(OLS)http://pul/title/80667 996 $6260$aMilano :$bJaca Book$9(OLS)http://pul/publisher/47900 LEADER 01134nam a2200289 u 4500 001 000000089064 003 CaOOAMICUS 005 20070226124558.0 008 051110s1957 it u000 u ita u 035 $a11067891 040 $aPUL(R)$bita 041 1 $aita$hfre 100 1 $aCourtois, Gaston,$csac.,$d1897-1970.$0(OLS)http://pul/name/37607 240 10$aJeune prętre.$lItaliano.$0(OLS)http://pul/title/115043 245 10$aApostolato sacerdotale :$bnote di pastorale critica /$cGastone Courtois. 250 $a2. ed. 260 $aMilano :$bĀncora,$c1957. 300 $a172 p. ;$c19 cm 490 1 $aCollana "Seguimi" 650 4$aTeologia pastorale.$0(OLS)http://pul/subject/1301 830 0$aCollana "Seguimi".$0(OLS)http://pul/title/69592 850 $aPUL 852 $aPUL$W1$xDP1 Fondo Pastorale$y55$mP9 E 7$j112681$nBK-PRI$b $qFondi$B112681$CPULBib$Z2$F112681 $HPUL824 $81 941 1 $a1 960 $aPastorale$91301 996 $6245$aApostolato sacerdotale :$bnote di pastorale critica$9(OLS)http://pul/title/115044 996 $6260$aMilano :$bĀncora$9(OLS)http://pul/publisher/53070 LEADER 01487nam a2200337 a 4500 001 000000129672 003 CaOOAMICUS 005 20120717092819.0 008 120717s2012 it u000 u ita r 020 $a978-88-311-4813-9 040 $aPUL$bita 082 04$a232 100 1 $aParadiso, Marcello,$d1953-$0(OLS)http://pul/name/70457 245 13$aLa sacra scrittura in Hans Urs von Balthasar /$cMarcello Paradiso ; prefazione di Gianni Carozza. 260 $aRoma :$bCittā Nuova,$cŠ2012. 300 $a257 p. ;$c20 cm 490 1 $aContributi di teologia ;$v67 504 $aInclude riferimenti bibliografici e indice. 600 14$aBalthasar, Hans Urs von,$ccard.,$d1905-1988$xTeologia.$0(OLS)http://pul/subject/23332 650 4$aCristologia$xStudi.$0(OLS)http://pul/subject/36480 700 1 $aCarozza, Gianni.$0(OLS)http://pul/name/83025 700 1 $aCoda, Piero,$csacerdote,$d1955-$0(OLS)http://pul/name/12631 830 0$aContributi di teologia ;$v67.$0(OLS)http://pul/title/23834 850 $aPUL 852 $aPUL$W1$xSL Religione 3$y85$m232 BALHA 1$j150151$qDDC 21$B148689$CPULBib$Z2$F148689 $H120219 $82 941 1 $a9 996 $6020$a978-88-311-4813-9$9(OLS)http://pul/number/150297 996 $6082$a232$9(OLS)http://pul/classification/381 996 $6245$aLa sacra scrittura in Hans Urs von Balthasar$9(OLS)http://pul/title/163909 996 $6260$aRoma :$bCittā Nuova$9(OLS)http://pul/publisher/47927